| 000 | 00645nam a2200217 a 4500 | ||
|---|---|---|---|
| 001 | 19694 | ||
| 003 | CO-ViMGA | ||
| 008 | 141112s2004 ck r 000 u spa d | ||
| 020 | _a8426131204 | ||
| 040 |
_aCO-ViMGA _bspa _cCO-ViMGA |
||
| 082 | 0 | 4 | _a910.4 B171m |
| 100 | 1 |
_aBarrault, Jean - Michel _928502 |
|
| 245 | 1 | 0 |
_aMagallanes : _bLa tierra es redonda |
| 260 |
_aBarcelona : _bEd. Juventud, _c1997 |
||
| 300 | _a226 p. | ||
| 590 | _aForma de adquisición : Premio Mincultura | ||
| 650 | 1 | 4 |
_aDESCUBRIMIENTOS - NAVEGACION _928503 |
| 650 | 1 | 4 |
_aEXPEDICIONES CIENTIFICAS _928504 |
| 650 | 1 | 4 |
_aMAGALLANES - FERNANDO DE _928505 |
| 942 |
_2ddc _cBK |
||
| 999 |
_c28829 _d28829 |
||